00490nam a2200181Ia 450000500170000000800410001702000150005808200130007310000130008624500190009925000080011826000370012630000130016365000160017694200060019295200950019899900150029320250514023706.0240331s9999 xx 000 0 und d a9558156736 bMURa170 aMurthi,M 0aNangi wethatai a3rd aPannipitiyabStamford lakec2002 a133 p ., aShort Story cL 001040708LaWERCLbWERCLcSSCd2024-03-31l0o 170 MURp4770r2024-03-31w2024-03-31yL c1362d1362